=LDR 00000nam 2200000 4500 =001 INLIS000000000047616 =005 20160201085441.0 =006 =007 =008 =035 ##$$0010-021600000000004 =040 ##$$a NBPDMAT =082 ##$$a 001.42 =090 ##$$a 001.42$bMoh m =100 ##$$a Moh. Nazir =245 ##$$a Metode penelitian / Moh. Nazir =250 ##$$a Cet. 2 =260 ##$$a Jakarta $b Ghalia Indonesia $c 1985 =300 ##$$a 622 hlm. ; 22 cm =650 ##$$a Metode Penelitian =850 ##$$a NBPDMAT =990 ##$$a 51500613/BPAP-NTB/2016 =990 ##$$a 75057505 =990 ##$$a 02550255 =990 ##$$a 01201900255 =990 ##$$a 51500613/BPAP-NTB/2016 =990 ##$$a 01201707505